000 00229nmm a2200085Ia 4500
008 220120s9999||||xx |||||||||||||||||und||
100 _aDigit
245 0 _aHedgewars ; Open TTd tap windows 0.6.0, Aparche HTTP server
260 _c2005
999 _c138581
_d138581